Mr Gum and the biscuit billionaire / (Record no. 2016)

MARC details
000 -LEADER
fixed length control field 01301pam a2200265 a 4500
003 - CONTROL NUMBER IDENTIFIER
control field Uk
005 - DATE AND TIME OF LATEST TRANSACTION
control field 20231027160946.0
020 ## - INTERNATIONAL STANDARD BOOK NUMBER
International Standard Book Number 9781405228152 (pbk.) :
Terms of availability £4.99
040 ## - CATALOGING SOURCE
Original cataloging agency StDuBDS
Language of cataloging eng
Transcribing agency StDuBDS
Modifying agency Uk
050 ## - LIBRARY OF CONGRESS CALL NUMBER
Classification number PZ7.S793246
082 04 - DEWEY DECIMAL CLASSIFICATION NUMBER
Classification number 823.92
Edition number 22
100 1# - MAIN ENTRY--PERSONAL NAME
Personal name Stanton, Andy.
245 10 - TITLE STATEMENT
Title Mr Gum and the biscuit billionaire /
Statement of responsibility, etc. written by Andy Stanton ; illustrated by David Tazzyman.
260 ## - PUBLICATION, DISTRIBUTION, ETC.
Place of publication, distribution, etc. London :
Name of publisher, distributor, etc. Egmont,
Date of publication, distribution, etc. 2007.
300 ## - PHYSICAL DESCRIPTION
Extent 168 pages :
Other physical details illustrations ;
Dimensions 19 cm
500 ## - GENERAL NOTE
General note Formerly CIP.
Institution to which field applies Uk
505 ## - FORMATTED CONTENTS NOTE
Formatted contents note O
520 ## - SUMMARY, ETC.
Summary, etc. Mr Gum is back in this second hilarious book and he's as nasty as ever Mr Gum is horrid--in fact, absolutely grimsters. But this book's not just about him, it's also about a gingerbread man named Alan Taylor who has electric muscles! Plus, all our favorite characters are back: the little girl called Polly, the evil butcher called Billy William The Third, and the very wise man, Friday O'Leary. And, who could forget loveable Jake the dog, or the angry fairy who lives in Mr Gum's bathtub and whacks him on the head with a frying-pan? This book will have you crying with laughter!
521 ## - TARGET AUDIENCE NOTE
Target audience note 820 <br/>
Source Lexile
521 ## - TARGET AUDIENCE NOTE
Target audience note O <br/>
Source Raz-Plus
655 #0 - INDEX TERM--GENRE/FORM
Genre/form data or focus term Children's stories.
700 1# - ADDED ENTRY--PERSONAL NAME
Personal name Tazzyman, David.
942 ## - ADDED ENTRY ELEMENTS (KOHA)
Source of classification or shelving scheme Dewey Decimal Classification
Koha item type Books
Suppress in OPAC No
999 ## -
-- 2016
-- 2016
Holdings
Withdrawn status Lost status Source of classification or shelving scheme Damaged status Not for loan Collection Home library Current library Shelving location Date acquired Total Checkouts Full call number Barcode Date last seen Price effective from Koha item type
    Dewey Decimal Classification     Fiction Footprints International School Library Network Toul Kork Campus Footprints International School Library Network Toul Kork Campus A TK Campus, 4th Floor, Room B401, Fiction Bookcases (1-6) 10/27/2023   STA 823.92 PZ7.S793246 FISTK05216 10/27/2023 10/27/2023 Books